000 00434nam a2200157Ia 4500
005 20250326144634.0
008 250326s9999 xx 000 0 und d
037 _aAnnuals, Advances
040 _aFMSL
_beng
_cFMSL
041 _aeng
_2eng
084 _aX:9 M3;7
_qFMSL
100 _aMonappa A
245 0 _aPersonnel management
_cMonappa A; Saiyadain M S
942 _cTB
_hX:9 M3;7
999 _c1304426
_d1304426